00692nam a2200205 a 4500008004100000020002200041100002500063245007100088260005600159300003500215504005400250500002000304650004700324650002500371650004100396650002200437003000100459005001700460040000900477  a0520214749 (pbk.)1 aFrank, Andre Gunder.10aReOrient :bglobal economy in the Asian Age /cAndre Gunder Frank. aBerkeley :bUniversity of California Press,cc1998. axxix, 416 p. :bmaps ;c24 cm. aIncludes bibliographical references: p. 361-387. aIncludes index. 0aInternational economic relationsxHistory. 0aCapitalismxHistory. 0aCompetition, InternationalxHistory. 0aEconomic history.20230123133148.0 cNUST